|
|
|
|
| LEADER |
00000caa a2200000 c 4500 |
| 001 |
1859286518 |
| 003 |
DE-627 |
| 005 |
20231103150012.0 |
| 007 |
cr uuu---uuuuu |
| 008 |
230912s1991 xx |||||o 00| ||eng c |
| 035 |
|
|
|a (DE-627)1859286518
|
| 035 |
|
|
|a (DE-599)KXP1859286518
|
| 040 |
|
|
|a DE-627
|b ger
|c DE-627
|e rda
|
| 041 |
|
|
|a eng
|
| 084 |
|
|
|a 2,1
|2 ssgn
|
| 100 |
1 |
|
|a Kury, Helmut
|d 1941-
|e VerfasserIn
|0 (DE-588)106326635
|0 (DE-627)490855741
|0 (DE-576)261566105
|4 aut
|
| 109 |
|
|
|a Kury, Helmut 1941-
|a Kuri, Chel'mut 1941-
|
| 245 |
1 |
4 |
|a The victim's position within the criminal proceedings - an empirical study
|c Helmut Kury and Michael Kaiser
|
| 264 |
|
1 |
|c 1991
|
| 336 |
|
|
|a Text
|b txt
|2 rdacontent
|
| 337 |
|
|
|a Computermedien
|b c
|2 rdamedia
|
| 338 |
|
|
|a Online-Ressource
|b cr
|2 rdacarrier
|
| 500 |
|
|
|a Literaturverzeichnis: Seite 617-626
|
| 533 |
|
|
|a Reproduktion
|d [2023]
|7 |2023||||||||||
|
| 700 |
1 |
|
|a Kaiser, Michael
|d 1958-
|e VerfasserIn
|0 (DE-588)139213090
|0 (DE-627)703248790
|0 (DE-576)310745772
|4 aut
|
| 773 |
0 |
8 |
|i Enthalten in
|t Victims and criminal justice ; [2]: Legal protection, restitution and support
|d Freiburg i. Br. : Eigenverlag Max-Planck-Institut für Ausländisches und Internationales Strafrecht, 1991
|g (1991), Seite [579]-628
|w (DE-627)1859157777
|7 nnam
|
| 773 |
1 |
8 |
|g year:1991
|g pages:[579]-628
|
| 951 |
|
|
|a AR
|
| ELC |
|
|
|a 1
|
| LOK |
|
|
|0 000 xxxxxcx a22 zn 4500
|
| LOK |
|
|
|0 001 4374603352
|
| LOK |
|
|
|0 003 DE-627
|
| LOK |
|
|
|0 004 1859286518
|
| LOK |
|
|
|0 005 20230912105638
|
| LOK |
|
|
|0 008 230912||||||||||||||||ger|||||||
|
| LOK |
|
|
|0 040
|a DE-2619
|c DE-627
|d DE-2619
|
| LOK |
|
|
|0 092
|o n
|
| LOK |
|
|
|0 852
|a DE-2619
|
| LOK |
|
|
|0 852 1
|9 00
|
| LOK |
|
|
|0 939
|a 12-09-23
|b l01
|
| ORI |
|
|
|a SA-MARC-krimdoka001.raw
|